Catalog

Record Details

Catalog Search



Gustav Adolf : král švédský Cover Image Book Book

Gustav Adolf : král švédský Nils Ahnlund ; Překlad Jiřina Vrtišová

Ahnlund, Nils (Author). Vrtišová, Jiřina (Added Author).

Record details

  • Physical Description: 264 s.
  • Publisher: Praha Jan Laichter 1939

Available copies

  • 1 of 1 copy available at Common Catalog SPOK.

Holds

  • 0 current holds with 1 total copy.
Show Only Available Copies
Location Call Number / Copy Notes Barcode Shelving Location Status Due Date
ETS Library 274.8506 424470002512 Volný výběr Available -

LDR 00644nam a2 00229
00133674
003CZ-PrJAB
00520030506000000.0
008030506s1939 xr e |||| |cze
009cz
035 . ‡a(CONS)3411
035 . ‡aKPS4026
041 . ‡acze
08214. ‡a274.8506
100 . ‡74029 ‡aAhnlund, Nils
245 . ‡aGustav Adolf : ‡bkrál švédský ‡cNils Ahnlund ; Překlad Jiřina Vrtišová
260 . ‡aPraha ‡bJan Laichter ‡c1939
300 . ‡a264 s.
653 . ‡aGustav Adolf ‡akrál švédský
700 . ‡74030 ‡aVrtišová, Jiřina
8524 . ‡bETS ‡bETS ‡cVolný výběr ‡j274.8506 ‡gA ‡p424470002512
910 . ‡aABG450
999 . ‡a3411 ‡bAUTOGEN ‡c3411 ‡tbiblio
905 . ‡uadmin
901 . ‡a33674 ‡b ‡c33674 ‡tbiblio ‡sets

Additional Resources